| 000 | 00408nam a2200133Ia 4500 | ||
|---|---|---|---|
| 008 | 211119s9999||||xx |||||||||||||| ||und|| | ||
| 082 |
_a808.882 _bBEA-I |
||
| 100 | _aBeahm, George | ||
| 245 | 0 | _aI Steve:Steve Jobs in His Own Words | |
| 260 |
_bHarpercollins _aNoida _c2011 |
||
| 300 | _a168p | ||
| 650 |
_a Literature & rhetoric _vRhetoric & collections of literatureManagement _xMBA LIBRARY |
||
| 942 | _cBOOK | ||
| 999 |
_c119361 _d119361 |
||